• 首页
  • 本馆介绍
  • 公告通知
  • 最新文献
  • 馆藏检索
  • 电子资源
  • 读者导购
  • 参考咨询
  • 我的图书馆
  • 登录
  • 详细信息显示
  • 放入我的书架
  • 预约/预借图书
  • 作者相关作品
  • 分类相关作品
  • 丛书相关作品
  • 出版社相关作品

书目信息

  • 表格格式
  • 工作单格式
  • 卡片格式
题名:
工业企业经济效益
    
 
作者: ;国家经委经济干部培训中心 , 中国企业管理协会 编
分册:  
出版信息: 北京   经济科学出版社  1984
页数: 318页
开本: 19cm
丛书名:
单 册:
中图分类: F403.6
科图分类:
主题词: 工业企业管理-经济效果 , 经济效果-工业企业管理 , 工业经济--经济理论
电子资源:
ISBN:
000 00915nam0 2200277 45
001 0184014008
005 20040429144527.4
010    @dCNY1.10
091    @a4312.23
100    @a19950228d1984 em y0chiy0121 ea
101 0  @achi
102    @aCN@b110000
105    @ay z 000yy
106    @ar
200 10 @a工业企业经济效益@Agong ye qi ye jing ji xiao yi@e国家经委、全国总工会企业管理研究班专题成果选编@f国家经委经济干部培训中心,中国企业管理协会编
210    @a北京@c经济科学出版社@d1984
215    @a318页@d19cm
606    @a工业企业管理-经济效果
606    @a经济效果-工业企业管理
606 0  @a工业经济@x经济理论
690    @aF403.6
711 02 @a国家经委经济干部培训中心@Aguo jia jing wei jing ji gan bu pei xun zhong xin@4编
711 02 @a中国企业管理协会@Azhong guo qi ye guan li xie hui@4编
801  0 @aCN@b上海图书馆@c20040429
801  2 @aCN@bNLC@c20040429
905    @f1@b121413@dF403.6@e66
    
    工业企业经济效益:国家经委、全国总工会企业管理研究班专题成果选编/国家经委经济干部培训中心,中国企业管理协会编.-北京:经济科学出版社,1984
    318页;19cm
    
    
    ISBN :CNY1.10
    
●
相关链接 在E读中查询图书 在五车中查询图书 在当当中查询图书 在豆瓣中查询图书


正题名:工业企业经济效益     索取号:F403.6/66         预约/预借

序号 登录号 条形码 馆藏地/架位号 状态 备注
1 0121413   000207957   第一借阅区/ [索取号:F403.6/66] 在馆    
2 0121416   000207911   第一样本阅览室/ [索取号:F403.6/66] 在馆    
唐山师范学院图书馆 欢迎您!
大连网信软件有限公司© 版权所有